Přespolanka 10 let

Korporativní autor: Přespolanka (hudební skupina : Dubňany)
Další autoři: Janota, Jaroslav, Michna, Antonín, 1920-, Procházka, Miloslav R., 1958-, Vačkář, Jan, Baťka, Zdeněk, 1960-, Prajka, Metoděj, 1898-1962, Konečný, Josef, 1946-2020, Žváček, Antonín, 1907-1981, Kotásek, František, 1934-2020, Pěnčík, Stanislav, 1939-2004, Doupovec, Antonín, Zmožek, Jiří, 1943-, Tesařík, Jiří, Hotový, Josef, 1904-1975, Moravecký, Vilda, 1914-
Jazyk: Čeština
Vydáno: Uherské Hradiště : AKON , 1996
Témata:
Fyzický popis: 1 zvuková kazeta (42:35) : analog, stereo, Dolby B HX-Pro + 1 leták (10 x 23 cm)
Vydáno také na kompaktní desce ; 0022-2 431
Zvukové nahrávky
Uloženo v:
LEADER 02545njm a2200589 a 4500
001 000773078
003 CZ BrMZK
005 20181107145205.0
007 ss lsnjlcmpnze
008 050401m1996 xr mu g cze d
028 0 0 |a 00224711  |b AKON 
040 |a BOA001  |b cze 
047 |a df  |a wz  |a zz 
048 |b vu03  |a of01 
080 |a 785.12  |2 MRF 
080 |a 78.085.2  |2 MRF 
080 |a (086.7)  |2 MRF 
110 2 |a Přespolanka (hudební skupina : Dubňany) 
245 1 0 |a Přespolanka 10 let  |h [zvukový záznam] 
246 3 3 |a 10 let 
260 |a Uherské Hradiště :  |b AKON ,  |c 1996 
300 |a 1 zvuková kazeta (42:35) :  |b analog, stereo, Dolby B HX-Pro +  |e 1 leták (10 x 23 cm) 
306 |a 004235 
505 0 0 |t Jihomoravská --  |t Bojanovský valčík --  |t Má milá --  |t Z podluží --  |t Břeclavská děvčata --  |t Koně moje, koně vrané --  |t Tišnovanka --  |t Dožínková --  |t Naše krásná Moravo --  |t Dojdi za mnú --  |t Pivoňka --  |t Pro koho sa strójíš --  |t Tichá noc 
511 0 |a Zpívají: D. Pospíšilová, B. Drábková, S. Drábek. Hraje Přespolanka 
518 |a Nahráno v Tonstudiu Rajchman, září 1996 
530 |a Vydáno také na kompaktní desce ;  |d 0022-2 431 
650 0 7 |a dechová hudba  |7 ph119353  |2 czenas 
650 0 7 |a polky  |7 ph224419  |2 czenas 
650 0 7 |a valčíky  |7 ph224487  |2 czenas 
650 0 7 |a sousedské  |7 ph224463  |2 czenas 
655 7 |a zvukové kazety  |7 fd186720  |2 czenas 
700 1 |a Janota, Jaroslav  |7 mzk2014813582  |4 cmp 
700 1 |a Michna, Antonín,  |d 1920-  |7 ola200209305  |4 cmp 
700 1 |a Procházka, Miloslav R.,  |d 1958-  |7 jn20000810064  |4 cmp 
700 1 |a Vačkář, Jan  |7 mzk2010603828  |4 lyr 
700 1 |a Baťka, Zdeněk,  |d 1960-  |7 jx20060613008  |4 lyr 
700 1 |a Prajka, Metoděj,  |d 1898-1962  |7 jn20000810066  |4 cmp 
700 1 |a Konečný, Josef,  |d 1946-2020  |7 jx20071214057  |4 cmp  |4 lyr 
700 1 |a Žváček, Antonín,  |d 1907-1981  |7 ola200205277  |4 cmp 
700 1 |a Kotásek, František,  |d 1934-2020  |7 jn20000810065  |4 cmp 
700 1 |a Pěnčík, Stanislav,  |d 1939-2004  |7 jn20000810063  |4 lyr 
700 1 |a Doupovec, Antonín  |7 mzk2011654240  |4 lyr 
700 1 |a Zmožek, Jiří,  |d 1943-  |7 jn20000402754  |4 cmp 
700 1 |a Tesařík, Jiří  |7 jx20040809026  |4 lyr 
700 1 |a Hotový, Josef,  |d 1904-1975  |7 jn20000603016  |4 cmp 
700 1 |a Moravecký, Vilda,  |d 1914-  |7 jk01082078  |4 lyr 
740 0 |a Deset let 
910 |a BOA001  |b KZ-0012.335 
990 |a AV 
991 |b 200505 
996 6 |b 261H013540  |c KZ-0012.335  |l MZK  |r Sklad / do 24 hodin  |n 0  |w 000773078  |u 000010  |a 1  |e BOA001  |j MZK50  |s P